[Event "22ème Open de Saint-Affrique"]
[Site "Saint Affrique (12)"]
[Date "2014.07.21"]
[Round "3.61"]
[White "Gaubert, Cedric"]
[Black "Boyd, Emilie"]
[Result "1-0"]
[WhiteElo "1384"]
[BlackElo "1192"]
[PlyCount "65"]
[EventDate "2014.??.??"]
[Source "Sylvain Rivier"]
[SourceDate "2014.07.26"]

1. d4 d5 2. Nf3 Nc6 3. c3 Nf6 4. e3 Bf5 5. Bd3 Qd7 6. Bxf5 Qxf5 7. b3 O-O-O 8.
O-O Ne4 9. Qd3 f6 10. Nfd2 Qg6 11. f3 Nxd2 12. Qxd2 e5 13. Ba3 a6 14. Bxf8
Rhxf8 15. f4 e4 16. f5 Qg5 17. c4 Ne7 18. Qf2 g6 19. fxg6 hxg6 20. cxd5 Nxd5
21. Re1 Rh8 22. Nd2 f5 23. Rac1 Nb4 24. Nc4 Nd3 25. Qc2 Nxe1 26. Nd6+ Kd7 27.
Qxc7+ Ke6 28. d5+ Kxd5 29. Rc5+ Ke6 30. Qf7+ Kxd6 31. Qd5+ Ke7 32. Rc7+ Ke8 33.
Qf7# 1-0

[Event "22ème Open de Saint-Affrique"]
[Site "Saint Affrique (12)"]
[Date "2014.07.21"]
[Round "3.62"]
[White "Van Den Brande, Norman"]
[Black "Boyd, Christopher"]
[Result "0-1"]
[WhiteElo "1210"]
[BlackElo "1367"]
[PlyCount "104"]
[EventDate "2014.??.??"]
[Source "Sylvain Rivier"]
[SourceDate "2014.07.26"]

1. d4 d5 2. Bf4 Bf5 3. e3 Nc6 4. Bd3 Bxd3 5. Qxd3 Nf6 6. Nf3 e6 7. O-O h6 8. c4
Bd6 9. Re1 Bxf4 10. exf4 O-O 11. Ne5 dxc4 12. Qxc4 Qxd4 13. Qc2 Qxf4 14. Nxc6
bxc6 15. Qxc6 Ng4 16. g3 Qd4 17. Qc2 Rad8 18. Nc3 Ne5 19. Kf1 Qd3+ 20. Qxd3
Nxd3 21. Re3 Nxb2 22. Rb1 Nc4 23. Re2 Nd2+ 24. Rxd2 Rxd2 25. Rb7 Rc2 26. Rxc7
Rb8 27. Rxa7 Rxc3 28. a4 Rb1+ 29. Kg2 Ra1 30. a5 Rca3 31. Ra8+ Kh7 32. Ra7 f6
33. Ra6 e5 34. h4 Rxa5 35. Rd6 Rc5 36. g4 Rc2 37. g5 hxg5 38. hxg5 fxg5 39. Kg3
Rg1+ 40. Kf3 g4+ 41. Ke3 Re1+ 42. Kd3 Rxf2 43. Kc3 Re4 44. Rd3 Rf3 45. Rxf3
gxf3 46. Kd3 Rf4 47. Ke3 f2 48. Kd2 f1=R 49. Ke3 Ra1 50. Ke2 Ra3 51. Ke1 Ra2
52. Kd1 Rf1# 0-1

[Event "22ème Open de Saint-Affrique"]
[Site "Saint Affrique (12)"]
[Date "2014.07.21"]
[Round "3.63"]
[White "Zachary, Bastian"]
[Black "Bernard, Elodie"]
[Result "1-0"]
[WhiteElo "1360"]
[BlackElo "1113"]
[PlyCount "87"]
[EventDate "2014.??.??"]
[Source "Sylvain Rivier"]
[SourceDate "2014.07.26"]

1. d4 d5 2. c4 e6 3. Nc3 Nf6 4. cxd5 exd5 5. Bg5 Be7 6. e3 O-O 7. Bd3 Nc6 8.
Nf3 Bg4 9. h3 Be6 10. O-O Qd6 11. Nb5 Qd8 12. a3 a6 13. Nc3 Ne4 14. Bxe7 Qxe7
15. Nxe4 dxe4 16. Bxe4 Bc4 17. Bd3 Bd5 18. Ne1 Be6 19. Qc2 g6 20. Be4 Bd7 21.
Bxc6 Bxc6 22. Qc5 Qxc5 23. dxc5 Bb5 24. Rd1 Bxf1 25. Kxf1 Rad8 26. Ke2 Rxd1 27.
Kxd1 f5 28. f4 Kf7 29. Nf3 Rd8+ 30. Ke2 Ke6 31. Ne5 Kd5 32. b4 b6 33. c6 a5 34.
Kd3 axb4 35. axb4 b5 36. Nf7 Ke6+ 37. Nxd8+ Kd6 38. Nf7+ Kxc6 39. Kd4 Kb6 40.
g4 Kc6 41. gxf5 gxf5 42. Ng5 h5 43. e4 fxe4 44. Kxe4 {suite illisible} 1-0

[Event "22ème Open de Saint-Affrique"]
[Site "Saint Affrique (12)"]
[Date "2014.07.21"]
[Round "3.65"]
[White "Achard-Rozan, Celian"]
[Black "Raynal, Hortense"]
[Result "1-0"]
[WhiteElo "1330"]
[BlackElo "1050"]
[PlyCount "46"]
[EventDate "2014.??.??"]
[Source "Sylvain Rivier"]
[SourceDate "2014.07.26"]

1. e4 e5 2. Nf3 Nc6 3. d4 exd4 4. Nxd4 Bc5 5. Be3 Nf6 6. Nxc6 dxc6 7. Qxd8+
Kxd8 8. Bxc5 Nxe4 9. Bd4 Re8 10. Be2 Bf5 11. c3 g6 12. O-O Nd6 13. Re1 Re4 14.
Nd2 Re6 15. Nc4 Ne4 16. Rad1 Kc8 17. Ne5 Ng5 18. Bc4 Rd6 19. Nxf7 Nxf7 20. Bxf7
Bc2 21. Rd2 Bf5 22. Re8+ Rd8 23. Rxd8+ Kxd8 1-0

[Event "22ème Open de Saint-Affrique"]
[Site "Saint Affrique (12)"]
[Date "2014.07.21"]
[Round "3.66"]
[White "Medard, Guillaume"]
[Black "Coquelle, Addison"]
[Result "1-0"]
[WhiteElo "1330"]
[BlackElo "1009"]
[PlyCount "81"]
[EventDate "2014.??.??"]
[Source "Sylvain Rivier"]
[SourceDate "2014.07.26"]

1. e4 e5 2. Nf3 Nc6 3. Bb5 a6 4. Ba4 Nf6 5. O-O g6 6. Re1 Bg7 7. c3 O-O 8. d4
exd4 9. cxd4 d6 10. d5 Na5 11. h3 Bd7 12. Bc2 Bb5 13. a4 Bc4 14. b3 Bxb3 15.
Bxb3 Nxb3 16. Qxb3 Nxe4 17. Ra2 Re8 18. Rae2 Qd7 19. Rxe4 Rxe4 20. Rxe4 b5 21.
Nc3 bxa4 22. Nxa4 Qc8 23. Bd2 Rb8 24. Rb4 Rxb4 25. Qxb4 c5 26. dxc6 Qxc6 27.
Nd4 Qd7 28. Bc3 Qc7 29. Qb6 Qc4 30. Qb4 Qa2 31. Nb6 Be5 32. f3 a5 33. Qxa5 Qxa5
34. Bxa5 Bxd4+ 35. Kf1 Be5 36. Ke2 Bf6 37. Bb4 Bd8 38. Nd5 Bh4 39. Bxd6 Kg7 40.
g4 f5 41. f4 {suite illisible} 1-0

[Event "22ème Open de Saint-Affrique"]
[Site "Saint Affrique (12)"]
[Date "2014.07.21"]
[Round "3.67"]
[White "Salvador, Thomas"]
[Black "Galy, Christian"]
[Result "0-1"]
[WhiteElo "1110"]
[BlackElo "1314"]
[PlyCount "144"]
[EventDate "2014.??.??"]
[Source "Sylvain Rivier"]
[SourceDate "2014.07.26"]

1. e4 g6 2. Nc3 Bg7 3. Nf3 d6 4. Bc4 e6 5. d4 a6 6. d5 b5 7. Bb3 b4 8. Na4 Qe7
9. dxe6 Bxe6 10. Bxe6 Qxe6 11. O-O Ne7 12. Re1 O-O 13. Bf4 Rd8 14. Qd2 Nbc6 15.
Bh6 Ne5 16. Nxe5 Qxe5 17. Bxg7 Qxg7 18. Qxb4 Rab8 19. Qc3 Qxc3 20. bxc3 Rb5 21.
Re3 Rdb8 22. g3 Ra5 23. e5 d5 24. c4 Rxa4 25. cxd5 Nxd5 26. Rd3 Rb5 27. Rc1 Rc4
28. Rcd1 c6 29. Rd4 Rxd4 30. Rxd4 Nc3 31. Rc4 Ne2+ 32. Kg2 c5 33. Ra4 a5 34.
Re4 Nc3 35. a4 Rb4 36. Re3 Nxa4 37. Ra3 Re4 38. h4 h5 39. f3 Rc4 40. c3 Nxc3
41. Rxa5 Kf8 42. Kh3 Ke7 43. g4 Ne2 44. gxh5 gxh5 45. Ra6 Rf4 46. Rh6 Rxf3+ 47.
Kg2 Rf5 48. Kh3 Rxe5 49. Kg2 c4 50. Rc6 c3 51. Kf2 f5 52. Ra6 c2 53. Rc6 c1=Q
54. Rxc1 Nxc1 55. Kf3 Re4 56. Kg3 Rg4+ 57. Kf3 Rxh4 58. Kg3 Re4 59. Kg2 Re3 60.
Kf2 f4 61. Kg1 Re2 62. Kh1 f3 63. Kg1 Nd3 64. Kf1 Nf4 65. Kg1 Nh3+ 66. Kf1 Rg2
67. Ke1 f2+ 68. Kf1 Rg1+ 69. Ke2 f1=Q+ 70. Ke3 Qf2+ 71. Ke4 Rg4+ 72. Ke5 Qc5#
0-1

[Event "22ème Open de Saint-Affrique"]
[Site "Saint Affrique (12)"]
[Date "2014.07.21"]
[Round "3.68"]
[White "Cellier-Valencia, Lucie"]
[Black "Raynal, Judith"]
[Result "1-0"]
[WhiteElo "1312"]
[BlackElo "1009"]
[PlyCount "29"]
[EventDate "2014.??.??"]
[Source "Sylvain Rivier"]
[SourceDate "2014.07.26"]

1. e4 h6 2. d4 Nf6 3. Nc3 e6 4. e5 d5 5. Nf3 Qd7 6. h3 Ne4 7. Bd3 c6 8. Bxe4
dxe4 9. Nxe4 Qd5 10. Nc3 Qa5 11. Bd2 Bb4 12. a3 Bd6 13. Ne4 b6 14. Bxa5 bxa5
15. Nxd6+ {suite illisible} 1-0

[Event "22ème Open de Saint-Affrique"]
[Site "Saint Affrique (12)"]
[Date "2014.07.21"]
[Round "3.69"]
[White "Raynal, Bertille"]
[Black "Zachary, Caroline"]
[Result "0-1"]
[WhiteElo "1090"]
[BlackElo "1307"]
[PlyCount "86"]
[EventDate "2014.??.??"]
[Source "Sylvain Rivier"]
[SourceDate "2014.07.26"]

1. d4 d5 2. Bg5 Nf6 3. Nc3 e6 4. e3 c5 5. Nf3 Nc6 6. Ne2 Be7 7. Bxf6 Bxf6 8. a3
Qa5+ 9. b4 cxb4 10. axb4 Qxb4+ 11. Nc3 Qxc3+ 12. Nd2 O-O 13. Bd3 e5 14. O-O
exd4 15. exd4 Qxd4 16. h3 Re8 17. Nf3 Qxa1 18. Qxa1 Bxa1 19. Rxa1 a6 20. c3 Ne5
21. Be2 Nxf3+ 22. Bxf3 Be6 23. Rc1 Rac8 24. Kf1 b5 25. Re1 g6 26. Be2 Rxc3 27.
h4 d4 28. Rd1 Rd8 29. Bf3 Bc4+ 30. Be2 Bxe2+ 31. Kxe2 d3+ 32. Kf1 d2 33. Ke2
Rc2 34. Ke3 b4 35. g3 b3 36. Ke2 b2 37. f3 Rc1 38. Rxc1 dxc1=Q 39. Kf2 Qc3 40.
Kg2 Rd2+ 41. Kh3 Qxf3 42. h5 Qf5+ 43. Kh4 g5# 0-1

[Event "22ème Open de Saint-Affrique"]
[Site "Saint Affrique (12)"]
[Date "2014.07.21"]
[Round "3.70"]
[White "Barascud, Rebecca"]
[Black "Audigier, Robert"]
[Result "1-0"]
[WhiteElo "1020"]
[BlackElo "1298"]
[PlyCount "69"]
[EventDate "2014.??.??"]
[Source "Sylvain Rivier"]
[SourceDate "2014.07.26"]

1. e4 c5 2. Nc3 a6 3. Bc4 e6 4. Nf3 Qc7 5. O-O Nc6 6. d4 cxd4 7. Nxd4 Nge7 8.
Nf3 Ng6 9. Ng5 b5 10. Bb3 h6 11. Nh3 Be7 12. Be3 Bb7 13. f4 O-O 14. f5 exf5 15.
exf5 Nge5 16. Bf4 Rad8 17. Qe1 Bc5+ 18. Nf2 Kh8 19. Nce4 d6 20. Qc3 Bd4 21. Qg3
Na5 22. f6 Rg8 23. fxg7+ Rxg7 24. Qh4 Rh7 25. Bxh6 Ng6 26. Qg5 Bxe4 27. Rae1
Qe7 28. c3 Qxg5 29. Bxg5 Be5 30. Nxe4 Nxb3 31. axb3 Bxh2+ 32. Kf2 Be5 33. Bxd8
Nh4 34. Nf6 Bg3+ 35. Kxg3 1-0

[Event "22ème Open de Saint-Affrique"]
[Site "Saint Affrique (12)"]
[Date "2014.07.21"]
[Round "4.1"]
[White "Kukov, Velislav"]
[Black "Degraeve, Jean-Marc"]
[Result "0-1"]
[WhiteElo "2369"]
[BlackElo "2579"]
[PlyCount "64"]
[EventDate "2014.??.??"]
[Source "Sylvain Rivier"]
[SourceDate "2014.07.26"]

1. d4 g6 2. Nf3 Bg7 3. Bf4 d6 4. c3 Nd7 5. e3 e5 6. Bg3 Ne7 7. dxe5 dxe5 8. Bc4
Nf5 9. e4 Nd6 10. Bb3 Qe7 11. Nbd2 Nc5 12. Bc2 f6 13. Qe2 b6 14. b4 Ba6 15. c4
Nd7 16. Ba4 c5 17. Bc6 Rc8 18. b5 Rxc6 19. bxc6 Nb8 20. O-O Nxc6 21. Qd3 Na5
22. Rfc1 O-O 23. Rc2 Rd8 24. Qe2 Qe6 25. Rd1 Re8 26. Qd3 Bf8 27. Rdc1 Rd8 28.
Qd5 Qxd5 29. cxd5 Bd3 30. Rc3 Bxe4 31. Nxe4 Nxe4 32. Rd3 Nxg3 0-1

[Event "22ème Open de Saint-Affrique"]
[Site "Saint Affrique (12)"]
[Date "2014.07.21"]
[Round "4.2"]
[White "Libiszewski, Fabien"]
[Black "Daurelle, Herve"]
[Result "1-0"]
[WhiteElo "2523"]
[BlackElo "2189"]
[PlyCount "160"]
[EventDate "2014.??.??"]
[Source "Sylvain Rivier"]
[SourceDate "2014.07.26"]

1. g3 d5 2. Nf3 Bg4 3. Bg2 Nd7 4. c4 e6 5. cxd5 exd5 6. O-O Ngf6 7. d3 Be7 8.
Nc3 O-O 9. Bf4 c6 10. Rc1 Re8 11. h3 Bh5 12. Qc2 Bf8 13. Rfe1 h6 14. e4 dxe4
15. dxe4 Bg6 16. Rcd1 Qa5 17. Nd2 Rad8 18. Nc4 Qb4 19. Nd6 Bxd6 20. Bxd6 Qc4
21. f4 Nb6 22. Bf1 Rxe4 23. Qxe4 Qxe4 24. Nxe4 Nxe4 25. Ba3 Rxd1 26. Rxd1 Nxg3
27. Rd8+ Kh7 28. Rb8 Nxf1 29. Kxf1 Bd3+ 30. Kf2 Ba6 31. b3 Nd5 32. f5 Nc3 33.
Rf8 f6 34. Ke3 Nd1+ 35. Kd4 Nf2 36. h4 Nd3 37. Bd6 Nc1 38. Bf4 Ne2+ 39. Ke3 Nc3
40. Kd2 Nd5 41. Bd6 Bf1 42. Rb8 Ba6 43. Rd8 h5 44. a4 Nb6 45. Bc5 Nd5 46. Rd7
Nb6 47. Rf7 Kg8 48. Rf8+ Kh7 49. Re8 Bf1 50. Re1 Ba6 51. Bd4 Nc8 52. Re6 Nb6
53. Re8 Nd5 54. Bxa7 g6 55. fxg6+ Kxg6 56. Bb8 Kf5 57. Bd6 Kg4 58. Re4+ Kf3 59.
Rd4 f5 60. b4 Bf1 61. b5 f4 62. Ke1 Be2 63. Rd2 Bc4 64. bxc6 bxc6 65. Rc2 Bb3
66. Rf2+ Ke4 67. Re2+ Ne3 68. Bc5 Bxa4 69. Kf2 Bb5 70. Re1 Kd3 71. Bxe3 fxe3+
72. Rxe3+ Kd4 73. Re8 Bd3 74. Rh8 Bg6 75. Rh6 Bf7 76. Rxc6 Ke5 77. Kg3 Be6 78.
Rc5+ Kf6 79. Kf4 Bg4 80. Rc6+ Ke7 1-0

[Event "22ème Open de Saint-Affrique"]
[Site "Saint Affrique (12)"]
[Date "2014.07.21"]
[Round "4.3"]
[White "Sanchez, Nicolas"]
[Black "Flear, Glenn C"]
[Result "0-1"]
[WhiteElo "2178"]
[BlackElo "2464"]
[PlyCount "72"]
[EventDate "2014.??.??"]
[Source "Sylvain Rivier"]
[SourceDate "2014.07.26"]

1. d4 Nf6 2. c4 g6 3. Nf3 Bg7 4. Nc3 d5 5. g3 O-O 6. Bg2 dxc4 7. O-O c6 8. a4
a5 9. e4 Nfd7 10. Be3 Na6 11. Qe2 Nb6 12. Rfd1 Bg4 13. d5 cxd5 14. Nxd5 Nxd5
15. Rxd5 Qc7 16. Rc1 Rfc8 17. Rb5 Nb4 18. Bb6 Qd7 19. Rd1 Qc6 20. e5 Qe8 21.
Bxa5 Nd3 22. Bc3 Bd7 23. Rxb7 Bxa4 24. Ra1 Bc6 25. Rba7 Rxa7 26. Rxa7 Ra8 27.
Qe3 Rxa7 28. Qxa7 Bxf3 29. Bxf3 Bxe5 30. Qa6 Bxc3 31. bxc3 Qb8 32. Be2 Qb1+ 33.
Bf1 Qe1 34. Qa7 e5 35. Kg2 Qxc3 36. Qc7 Qd4 0-1

[Event "22ème Open de Saint-Affrique"]
[Site "Saint Affrique (12)"]
[Date "2014.07.21"]
[Round "4.4"]
[White "Karpatchev, Aleksandr"]
[Black "Meunier, Clement"]
[Result "1-0"]
[WhiteElo "2442"]
[BlackElo "2132"]
[PlyCount "107"]
[EventDate "2014.??.??"]
[Source "Sylvain Rivier"]
[SourceDate "2014.07.26"]

1. e4 e5 2. Nf3 Nc6 3. d4 exd4 4. Nxd4 Bc5 5. Nb3 Bb6 6. Nc3 Nge7 7. Bg5 d6 8.
Nd5 O-O 9. Bc4 Qe8 10. Nxb6 axb6 11. O-O Ng6 12. f4 h6 13. Qh5 hxg5 14. Qxg6
gxf4 15. Qg5 Ne5 16. Bd3 Ng6 17. Nd4 Bd7 18. Nf5 Qd8 19. Qh5 Ne5 20. Rxf4 Bxf5
21. Rh4 f6 22. Qxf5 g6 23. Qh3 Qc8 24. Rh8+ Kf7 25. Qh7+ Ke8 26. Rxf8+ Kxf8 27.
Rf1 Qd8 28. g4 Ke8 29. g5 Qe7 30. Qh3 f5 31. exf5 Qxg5+ 32. Kh1 Qh5 33. Qg2 Kd7
34. fxg6 Rg8 35. Bf5+ Kd8 36. Qxb7 Rxg6 37. Qc8+ Ke7 38. Qxc7+ Ke8 39. Bxg6+
Qxg6 40. Qc8+ Ke7 41. Qf8+ Ke6 42. Qc8+ Ke7 43. Qb7+ Ke6 44. Qg2 Qh7 45. Rd1
Qh6 46. Qd5+ Ke7 47. Qb7+ Ke8 48. Qc8+ Ke7 49. Qc7+ Ke8 50. Qxd6 Qf4 51. Qe6+
Kf8 52. Rd8+ Kg7 53. Qg8+ Kh6 54. Qf8+ 1-0

[Event "22ème Open de Saint-Affrique"]
[Site "Saint Affrique (12)"]
[Date "2014.07.21"]
[Round "4.5"]
[White "Milchev, Nikolay"]
[Black "Baudry, Remi"]
[Result "1-0"]
[WhiteElo "2424"]
[BlackElo "1770"]
[PlyCount "51"]
[EventDate "2014.??.??"]
[Source "Sylvain Rivier"]
[SourceDate "2014.07.26"]

1. d4 Nf6 2. Nf3 g6 3. c4 Bg7 4. g3 O-O 5. Bg2 d6 6. O-O c6 7. Nc3 Nh5 8. e4 e5
9. h3 Qc7 10. Be3 Na6 11. Re1 Rd8 12. Rc1 Qe7 13. Qd2 Be6 14. b3 f5 15. Bg5 Bf6
16. Bxf6 Nxf6 17. exf5 Bxf5 18. Qg5 e4 19. Nh4 Nd5 20. Qxe7 Nxe7 21. g4 Nb4 22.
gxf5 g5 23. f6 Nd3 24. fxe7 Re8 25. Nf5 Nxc1 26. Rxc1 1-0

[Event "22ème Open de Saint-Affrique"]
[Site "Saint Affrique (12)"]
[Date "2014.07.21"]
[Round "4.6"]
[White "Penalver, Marion"]
[Black "Petrossian, Armen"]
[Result "0-1"]
[WhiteElo "1901"]
[BlackElo "2380"]
[PlyCount "65"]
[EventDate "2014.??.??"]
[Source "Sylvain Rivier"]
[SourceDate "2014.07.26"]

1. e4 e5 2. Nf3 Nc6 3. Bb5 Nf6 4. O-O Nxe4 5. Re1 Nd6 6. Bxc6 dxc6 7. Nxe5 Be7
8. Nc3 O-O 9. d3 f6 10. Nf3 Bg4 11. h3 Bh5 12. a4 Re8 13. Bf4 Qd7 14. Ne4 Bf8
15. c3 Qf7 16. Nxd6 Bxd6 17. Bxd6 cxd6 18. g4 Bg6 19. Re3 h5 20. Qd2 hxg4 21.
hxg4 Rxe3 22. fxe3 Qe6 23. Nh2 d5 24. Re1 c5 25. b4 b6 26. Kf2 Rc8 27. bxc5
bxc5 28. d4 Be4 29. Qb2 cxd4 30. exd4 Qd6 31. Nf3 Qf4 32. Re3 Bxf3 33. Rxf3 0-1

[Event "22ème Open de Saint-Affrique"]
[Site "Saint Affrique (12)"]
[Date "2014.07.21"]
[Round "4.7"]
[White "Bouguerra, Tayeb"]
[Black "Mania, Clement"]
[Result "0-1"]
[WhiteElo "1906"]
[BlackElo "2177"]
[PlyCount "126"]
[EventDate "2014.??.??"]
[Source "Sylvain Rivier"]
[SourceDate "2014.07.26"]

1. d4 d6 2. Nc3 a6 3. h3 Nd7 4. Nf3 e6 5. e3 g6 6. Bd3 Bg7 7. O-O Ne7 8. Ne4
O-O 9. c3 h6 10. Ng3 f5 11. e4 Kh8 12. Re1 f4 13. Nf1 e5 14. N1h2 exd4 15. cxd4
Nc6 16. e5 dxe5 17. Bxg6 exd4 18. Ng4 Nc5 19. Qc2 Qd6 20. Rd1 d3 21. Bxd3 Nb4
22. Qb1 Nbxd3 23. b4 Bxg4 24. hxg4 Qf6 25. bxc5 Nxc1 26. Rxc1 Qxa1 27. Qxa1
Bxa1 28. Rxa1 b6 29. cxb6 cxb6 30. Ne5 Rf6 31. Rd1 Re8 32. Rd5 Rfe6 33. Nd3 Re4
34. f3 Ra4 35. Rd6 b5 36. Rxh6+ Kg7 37. Rd6 Re2 38. Rd5 Raxa2 39. Nxf4 Red2 40.
Rg5+ Kf7 41. Rf5+ Ke8 42. g5 Rd7 43. Ng6 Rg7 44. Rf8+ Kd7 45. Rf6 b4 46. Ne5+
Ke8 47. f4 Ra5 48. Nc4 Rc5 49. Nd6+ Kd7 50. Ne4 Rc6 51. Rf5 Rc1+ 52. Kf2 Rc2+
53. Kf3 Kc6 54. Rf8 b3 55. Rf6+ Kc7 56. Rxa6 b2 57. Ra7+ Kc6 58. Rxg7 b1=Q 59.
Rg6+ Kc7 60. Rg7+ Kd8 61. Rg8+ Ke7 62. Nf6 Qf1+ 63. Kg3 Rxg2+ 0-1

[Event "22ème Open de Saint-Affrique"]
[Site "Saint Affrique (12)"]
[Date "2014.07.21"]
[Round "4.8"]
[White "Cazottes, Guillaume"]
[Black "De Muyser, Xavier"]
[Result "1-0"]
[WhiteElo "2014"]
[BlackElo "1723"]
[PlyCount "54"]
[EventDate "2014.??.??"]
[Source "Sylvain Rivier"]
[SourceDate "2014.07.26"]

1. e4 d6 2. d4 Nf6 3. Nc3 c6 4. f4 Bg4 5. Be2 Bxe2 6. Qxe2 e6 7. Nf3 Be7 8. O-O
Qc7 9. Kh1 Nbd7 10. Rb1 e5 11. dxe5 dxe5 12. fxe5 Nxe5 13. Bf4 Bd6 14. Rbd1 Nh5
15. Bxe5 Bxe5 16. Nxe5 Qxe5 17. Rf5 Ng3+ 18. hxg3 Qxg3 19. Qf2 Qg6 20. Re5+ Kf8
21. Qc5+ Kg8 22. Rg5 Qh6+ 23. Rh5 Qf4 24. Qd6 Qxd6 25. Rxd6 g6 26. Re5 h6 27.
Re7 Rh7 1-0

[Event "22ème Open de Saint-Affrique"]
[Site "Saint Affrique (12)"]
[Date "2014.07.21"]
[Round "4.9"]
[White "Aubry, Fabien"]
[Black "Noireaut, Hung"]
[Result "0-1"]
[WhiteElo "1884"]
[BlackElo "2007"]
[PlyCount "70"]
[EventDate "2014.??.??"]
[Source "Sylvain Rivier"]
[SourceDate "2014.07.26"]

1. d4 d5 2. Bf4 e6 3. e3 Nf6 4. Nd2 c5 5. c3 Nc6 6. Bd3 Bd6 7. Bg3 e5 8. dxe5
Nxe5 9. Bb5+ Bd7 10. Bxd7+ Qxd7 11. Qe2 O-O 12. Ngf3 Rfe8 13. O-O Nc6 14. Bxd6
Qxd6 15. Qd3 Rad8 16. Rad1 Qe7 17. Qc2 Ne4 18. Nxe4 dxe4 19. Nd2 f5 20. Qb3+
Qf7 21. Qxf7+ Kxf7 22. Nc4 Ke6 23. a4 Ne5 24. Nxe5 Kxe5 25. c4 g5 26. Rfe1 f4
27. exf4+ gxf4 28. f3 e3 29. Kf1 Rd4 30. b3 Red8 31. Ke2 Rxd1 32. Rxd1 Rd2+ 33.
Kf1 Kd4 34. Rc1 Kd3 35. g4 Rxh2 0-1

[Event "22ème Open de Saint-Affrique"]
[Site "Saint Affrique (12)"]
[Date "2014.07.21"]
[Round "4.10"]
[White "Zachary, Matheo"]
[Black "Billiar-Bourgy, Vincent"]
[Result "0-1"]
[WhiteElo "1701"]
[BlackElo "1959"]
[PlyCount "41"]
[EventDate "2014.??.??"]
[Source "Sylvain Rivier"]
[SourceDate "2014.07.26"]

1. e4 c5 2. Nf3 e6 3. d4 cxd4 4. Nxd4 Nc6 5. Nxc6 bxc6 6. Nc3 Qc7 7. Be2 Nf6 8.
O-O Be7 9. f4 d5 10. e5 Nd7 11. Be3 O-O 12. Bd3 Nc5 13. Bxc5 Bxc5+ 14. Kh1 a5
15. Qh5 g6 16. Qh6 Ba6 17. g4 Rfb8 18. g5 Rxb2 19. Rf3 Bf8 20. Qh4 Bxd3 21.
cxd3 {suite illisible} 0-1

[Event "22ème Open de Saint-Affrique"]
[Site "Saint Affrique (12)"]
[Date "2014.07.21"]
[Round "4.11"]
[White "Mullon, Jean-Baptiste"]
[Black "Lalot, Hugues"]
[Result "1-0"]
[WhiteElo "2436"]
[BlackElo "1573"]
[PlyCount "69"]
[EventDate "2014.??.??"]
[Source "Sylvain Rivier"]
[SourceDate "2014.07.26"]

1. e4 c5 2. Nf3 g6 3. d4 cxd4 4. Qxd4 Nf6 5. e5 Nc6 6. Qa4 Nd5 7. Qe4 Nb6 8.
Nc3 a6 9. Bf4 Bg7 10. a4 Rb8 11. a5 Na8 12. Bc4 O-O 13. h4 d6 14. h5 Bf5 15.
Qe2 Nc7 16. hxg6 Bxg6 17. exd6 exd6 18. O-O Re8 19. Qd2 Ne5 20. Be2 Ne6 21. Bg3
Rc8 22. Rfd1 Rc6 23. Nh4 Bf8 24. Nxg6 hxg6 25. Nd5 Nc5 26. Qf4 Re6 27. Bh4 Be7
28. Nxe7+ Rxe7 29. Qf6 Rcc7 30. b4 Ne4 31. Qxe5 Rxe5 32. Bxd8 Rxc2 33. Bd3 Rc6
34. Bxe4 Rxe4 35. Rac1 1-0

[Event "22ème Open de Saint-Affrique"]
[Site "Saint Affrique (12)"]
[Date "2014.07.21"]
[Round "4.12"]
[White "Arcusa, Michel"]
[Black "Oganisian, Roman"]
[Result "0-1"]
[WhiteElo "1865"]
[BlackElo "2245"]
[PlyCount "28"]
[EventDate "2014.??.??"]
[Source "Sylvain Rivier"]
[SourceDate "2014.07.26"]

1. d4 f5 2. c4 Nf6 3. Nc3 e6 4. e3 b6 5. Be2 Bb7 6. Bf3 Nc6 7. d5 Ne5 8. dxe6
Nxf3+ 9. Nxf3 dxe6 10. Qxd8+ Rxd8 11. Ke2 Ne4 12. Nb5 a6 13. Nbd4 Kf7 14. Rg1
Bd6 {suite illisible} 0-1

[Event "22ème Open de Saint-Affrique"]
[Site "Saint Affrique (12)"]
[Date "2014.07.21"]
[Round "4.13"]
[White "Benmesbah, Natacha"]
[Black "Danielian, Kevin"]
[Result "1-0"]
[WhiteElo "2224"]
[BlackElo "1848"]
[PlyCount "83"]
[EventDate "2014.??.??"]
[Source "Sylvain Rivier"]
[SourceDate "2014.07.26"]

1. e4 e6 2. d4 d5 3. Nc3 dxe4 4. Nxe4 Nd7 5. Nf3 Ngf6 6. Bd3 Nxe4 7. Bxe4 Nf6
8. Bd3 Be7 9. O-O O-O 10. Ne5 c5 11. dxc5 Qa5 12. Qe2 Qxc5 13. a3 b6 14. b4 Qc7
15. Bf4 Bd6 16. c4 Bb7 17. Rac1 Nd7 18. Nxd7 Bxf4 19. Nxf8 Rxf8 20. Rc2 Bxh2+
21. Kh1 Bf4 22. Be4 Qe7 23. Rc3 e5 24. Bxb7 Qxb7 25. c5 Qc6 26. b5 Qf6 27. c6
e4 28. Rh3 Qe5 29. Qh5 Qxh5 30. Rxh5 f5 31. Rd1 g6 32. Rh3 h5 33. Rc3 Bc7 34.
Rd7 Rf7 35. Rc1 f4 36. Rxf7 Kxf7 37. Kg1 Ke6 38. Rd1 Bd6 39. Kf1 g5 40. Rd4 Ke5
41. Ra4 Bb8 42. Rxa7 1-0

[Event "22ème Open de Saint-Affrique"]
[Site "Saint Affrique (12)"]
[Date "2014.07.21"]
[Round "4.14"]
[White "Roubaud, Alexandre"]
[Black "Riviere, Gerard"]
[Result "1-0"]
[WhiteElo "2171"]
[BlackElo "1791"]
[PlyCount "71"]
[EventDate "2014.??.??"]
[Source "Sylvain Rivier"]
[SourceDate "2014.07.26"]

1. e4 c5 2. Nf3 d6 3. d4 cxd4 4. Nxd4 Nf6 5. Nc3 a6 6. Be3 e5 7. Nb3 Be6 8. f3
Nbd7 9. Qd2 Nb6 10. g4 h6 11. O-O-O Rc8 12. h4 Qc7 13. Qf2 Nfd7 14. Kb1 Nc4 15.
Bxc4 Bxc4 16. Nd5 Bxd5 17. Rxd5 b5 18. Re1 Be7 19. g5 hxg5 20. hxg5 g6 21. c3
Rh5 22. Qg1 Kf8 23. Rf1 Kg7 24. f4 exf4 25. Bxf4 Ne5 26. Qg3 Nc4 27. Qf2 Ne5
28. Bxe5+ dxe5 29. Qxf7+ Kh8 30. Qxg6 Rh7 31. Qxa6 Qc4 32. Nd2 Qc7 33. g6 Rh2
34. Qe6 Rf8 35. Rxf8+ Bxf8 36. Rd7 1-0

[Event "22ème Open de Saint-Affrique"]
[Site "Saint Affrique (12)"]
[Date "2014.07.21"]
[Round "4.15"]
[White "Youssoupov, Moisse"]
[Black "Jackson, Thomas"]
[Result "1-0"]
[WhiteElo "2169"]
[BlackElo "1694"]
[PlyCount "80"]
[EventDate "2014.??.??"]
[Source "Sylvain Rivier"]
[SourceDate "2014.07.26"]

1. d4 Nf6 2. Bf4 g6 3. e3 Bg7 4. Nf3 d6 5. Be2 O-O 6. O-O Nbd7 7. c4 c5 8. Nc3
Nh5 9. Bg5 Nhf6 10. h3 b6 11. d5 Rb8 12. Qc2 Bb7 13. Rad1 a6 14. a4 Qc7 15. Bf4
Ne8 16. Qd2 Ne5 17. Ne1 f5 18. e4 Bc8 19. Bh2 Bd7 20. f4 Nf7 21. exf5 Bxf5 22.
Bd3 Bd7 23. Nf3 Bxc3 24. Qxc3 Bxa4 25. b3 Bd7 26. Rde1 Bc8 27. Bc2 Ng7 28. g4
a5 29. Kh1 Nh8 30. Bg3 Rb7 31. Kh2 Qd8 32. Ng5 h6 33. Ne6 Bxe6 34. dxe6 Rf6 35.
Be4 Rc7 36. Bh4 Rf8 37. Qd3 Qe8 38. f5 g5 39. Bg3 Ra7 40. f6 Rxf6 1-0

[Event "22ème Open de Saint-Affrique"]
[Site "Saint Affrique (12)"]
[Date "2014.07.21"]
[Round "4.16"]
[White "Clair, Michael"]
[Black "Dussol, Pierre"]
[Result "0-1"]
[WhiteElo "1806"]
[BlackElo "2156"]
[PlyCount "62"]
[EventDate "2014.??.??"]
[Source "Sylvain Rivier"]
[SourceDate "2014.07.26"]

1. d4 c5 2. e4 cxd4 3. c3 dxc3 4. Nxc3 d6 5. Bc4 Nc6 6. Nf3 e6 7. O-O a6 8. Qe2
Nge7 9. Be3 Ng6 10. Rad1 Be7 11. Bb3 O-O 12. Nd2 b5 13. f4 Na5 14. Bc2 Bd7 15.
Qh5 Rc8 16. Bb1 b4 17. Ne2 Bb5 18. Rf2 Bf6 19. Nd4 Bxd4 20. Bxd4 e5 21. Be3
exf4 22. Bxf4 Qb6 23. Bg3 Rc6 24. Nf3 h6 25. Kh1 Qe3 26. Rfd2 Be2 27. Qxa5 Bxd1
28. Rxd1 Rc1 29. Qd5 Rfc8 30. Ne1 Qe2 31. Rxc1 Qf1# 0-1